Willis's elements of quantity surveying (Record no. 104297)

MARC details
000 -LEADER
fixed length control field 00930cam a2200277 4500
001 - CONTROL NUMBER
control field ##L129842
008 - FIXED-LENGTH DATA ELEMENTS--GENERAL INFORMATION
fixed length control field 050527n2005 000 0 eng u
020 ## - INTERNATIONAL STANDARD BOOK NUMBER
International Standard Book Number 1405125632
035 ## - SYSTEM CONTROL NUMBER
System control number (Sirsi) u129842
041 0# - LANGUAGE CODE
Language code of text/sound track or separate title eng
050 04 - LIBRARY OF CONGRESS CALL NUMBER
Classification number 692.5 $2 18
100 1# - MAIN ENTRY--PERSONAL NAME
Personal name Lee, Sandra
245 00 - TITLE STATEMENT
Title Willis's elements of quantity surveying
250 ## - EDITION STATEMENT
Edition statement 10th ed.
260 ## - PUBLICATION, DISTRIBUTION, ETC.
Place of publication, distribution, etc. Oxford
Name of publisher, distributor, etc. Blackwell
Date of publication, distribution, etc. 2005
300 ## - PHYSICAL DESCRIPTION
Extent x, 346p.
Other physical details ill.
Dimensions 25cm.
350 ## - PRICE (NR) (BK AM CF MU VM SE) [OBSOLETE]
Price 22.50
520 ## - SUMMARY, ETC.
Summary, etc. The latest edition of this standard work provides guidance on the measurement process and covers all the main building elements. This tenth edition has greater explanation added to the measured examples and a new chapter on steel framing.
520 ## - SUMMARY, ETC.
Summary, etc. Supersedes ninth edition (ISBN 0632042079).
590 ## - LOCAL NOTE (RLIN)
Local note IKA040705
690 ## - LOCAL SUBJECT ADDED ENTRY--TOPICAL TERM (OCLC, RLIN)
Topical term or geographic name as entry element Quantity surveying
9 (RLIN) 6263
700 1# - ADDED ENTRY--PERSONAL NAME
Personal name Trench, William
700 1# - ADDED ENTRY--PERSONAL NAME
Personal name Willis, Andrew
942 ## - ADDED ENTRY ELEMENTS (KOHA)
Suppress in OPAC 0
Holdings
Withdrawn status Lost status Source of classification or shelving scheme Damaged status Not for loan Home library Current library Shelving location Date acquired Cost, normal purchase price Total Checkouts Full call number Barcode Date last seen Copy number Cost, replacement price Price effective from Koha item type
    Dewey Decimal Classification     London London Basement 04/07/2005 19.12   BASEMENT 61 30069923 06/08/2019 1 19.12 06/08/2019 Reference material